| 000 | 01355nam0a22002891 4500 | ||
|---|---|---|---|
| 001 | rc\3632686 | ||
| 005 | 20130115144937.1 | ||
| 021 |
_aRU _b[72-51192] |
||
| 035 | _a(NLR Aleph) 007825647 | ||
| 090 |
_a7758354 _c7758354 |
||
| 100 | _a20130115d1972 |||y0rusy50 ca | ||
| 101 | 0 | _arus | |
| 102 | _aRU | ||
| 105 | _aab z ||||| | ||
| 200 | 1 |
_aМетодика и результаты исследований земной коры и верхней мантии _e[Сборник статей _fОтв. ред. канд. техн. наук И.С. Вольвовский и др.] _g[Междувед. геофиз. ком. при Президиуме АН СССР] |
|
| 210 |
_aМосква _cНаука _d1972 |
||
| 215 |
_a262 с., 6 отд. л. схем., карт. _cил., карт. _d26 |
||
| 225 | 1 |
_aРезультаты исследований по международным геофизическим проектам _iВерхняя мантия _v№ 8 |
|
| 320 | _aСписки лит. в конце статей | ||
| 606 |
_aМантия Земли _jСборники _2psbo |
||
| 606 |
_aЗемная кора _jСборники _2psbo |
||
| 702 | 1 |
_aВольвовский _bИ. С. _gИсаак Самуилович _4340 |
|
| 801 | 0 |
_aRU _bNLR _gpsbo |
|
| 801 | 1 |
_aRU _bELAR _2rusmarc |
|
| 852 |
_aNLR _j72-7/1194 |
||
| 942 | _cBOOK | ||
| 980 | _aNB | ||